00604 2200229 4500001002100000005001700021008004100038035002400079082000800103090001500111100001800126245006300144250001100207260003100218300002500249500003100274650002200305850001500327980001100342985000600353999001500359YOGYA-0209000000451220090227020723.0 ind  0010-020900000004512 a001 a001bSuy B aSUYANTO, Agus aBimbingan ke arah belajar yang suksescoleh Agoes Soejanto aCet. 2 aJakartabAksara Baruc1981 aviii, 130 hlmc19 cm aBibliografi : hlm. 129-130 aBimbingan belajar aYOPDYOG(B) a050414 a1 aP000025082